Movies Quiz

Random Movies Quiz
Score 0/20 Timer 05:00
0 Plays Today
% Correct
Jack Sparrow
97.6%
Edward
96.1%
Tarrant Hightopp
(The Mad Hatter)
94.6%
Willy Wonka
93.9%
Rango
93.9%
Victor Von Dort
92.7%
Tonto
89.5%
Benjamin Barker
(Sweeney Todd)
89.1%
Barnabus Collins
88.9%
Gilbert Grape
78.4%
% Correct
Wade Walker
76.5%
Raoul Duke
75.2%
Mort Rainey
73.2%
Ichabod Crane
71.5%
Whitey Bulger
71.3%
Ed Wood
67.1%
William Blake
66.3%
Joseph Pistone
(Donnie Brasco)
60.9%
Sam
58.7%
Bon Bon
50.2%
Remove Ads.
Support Sporcle.
Get the best of Sporcle when you Go Orange. This ad-free experience offers more features, more stats, and more fun while also helping to support Sporcle. Thank you for becoming a member.

You're not logged in!

Compare scores with friends on all Sporcle quizzes.
OR
Log In

Show Comments

Extras

Created May 29, 2016ReportNominate
Tags:Character, depp, Johnny, Johnny Depp

Top Quizzes Today


Score Distribution

Your Account Isn't Verified!

In order to create a playlist on Sporcle, you need to verify the email address you used during registration. Go to your Sporcle Settings to finish the process.

Report this User

Report this user for behavior that violates our Community Guidelines.

Details: